000
00228nam a2200097Ia 4500
005
20251222114406.0
008
251222s1900||||xx |||||||||||||| ||spa||
082
_a
DVD0097/D56
245
0
_a
Neil young: heart of gold :
942
_c
DVD
999
_c
1839
_d
1839